[Event "Titled Tuesday intern op 04th Mar Early"]
[Site "Chess.com INT"]
[Date "2025.03.04"]
[Round "1"]
[White "Rasulov, Vugar Ural Oglu"]
[Black "Davidson, Kevin"]
[Result "1-0"]
[WhiteElo "2505"]
[BlackElo "2154"]
[PlyCount "131"]
[EventDate "2025.03.04"]
[EventType "swiss (blitz)"]
[EventRounds "11"]
[EventCountry "USA"]
[SourceTitle "CB11_2025"]
[SourceDate "2025.03.12"]
[SourceVersion "1"]
[SourceVersionDate "2025.03.12"]
[SourceQuality "1"]

1. e4 c5 2. Nf3 d6 3. Bb5+ Nd7 4. 0-0 a6 5. Be2 Ngf6 6. Nc3 b5 7. d4 cxd4 8. Nxd4 Bb7 9. f3 g6 10. Be3 Bg7 11. Qd2 0-0 12. Kh1 Rc8 13. Bh6 Ne5 14. Bxg7 Kxg7 15. a4 b4 16. Na2 Qb6 17. Qxb4 Qxb4 18. Nxb4 a5 19. Na2 d5 20. exd5 Nxd5 21. c3 Nf4 22. Bb5 Nfd3 23. b3 Nc5 24. Rae1 Kf6 25. Re3 e6 26. Rfe1 Nc6 27. Bxc6 Bxc6 28. Nc1 Bd5 29. Kg1 Rb8 30. c4 Ba8 31. Nce2 Rfd8 32. Nb5 Rd2 33. Ng3 Rbd8 34. Nc3 Rb2 35. R1e2 Rxe2 36. Ncxe2 Rd2 37. h4 e5 38. Nc3 Rb2 39. Nce4+ Bxe4 40. Nxe4+ Nxe4 41. fxe4 Ke6 42. Rc3 Kd6 43. Rd3+ Ke6 44. c5 Rc2 45. Rd6+ Ke7 46. Rd5 Ke6 47. Kh2 f5 48. Rd6+ Ke7 49. exf5 gxf5 50. Rh6 Rxc5 51. Rxh7+ Ke6 52. h5 Kf6 53. Rh8 e4 54. Kg3 Rc3+ 55. Kf4 e3 56. Rf8+ Kg7 57. Rxf5 e2 58. Re5 Rxb3 59. Rxe2 Rb4+ 60. Kg5 Rxa4 61. Re7+ Kf8 62. Ra7 Ra2 63. g4 a4 64. Kg6 a3 65. h6 Ra1 66. h7 1-0

[Event "Titled Tuesday intern op 24th Sep Late"]
[Site "Chess.com INT"]
[Date "2024.09.24"]
[Round "9"]
[White "Akhayan, Ruben"]
[Black "Davidson, Kevin"]
[Result "0-1"]
[WhiteElo "2260"]
[BlackElo "2154"]
[PlyCount "60"]
[EventDate "2024.09.24"]
[EventType "swiss (blitz)"]
[EventRounds "11"]
[EventCountry "USA"]
[SourceTitle "EXT 2025"]
[Source "ChessBase"]
[SourceDate "2024.10.14"]
[SourceVersion "1"]
[SourceVersionDate "2024.10.14"]
[SourceQuality "1"]

1. e4 c5 2. Nf3 d6 3. d4 cxd4 4. Nxd4 Nf6 5. Nc3 a6 6. Bc4 e6 7. Bb3 Nbd7 8. 0-0 Nc5 9. f4 b5 10. e5 dxe5 11. fxe5 Nxb3 12. axb3 Bc5 13. Be3 Nd5 14. Bf2 Nxc3 15. bxc3 Bb7 16. Qh5 Qd5 17. Nf3 Bxf2+ 18. Rxf2 0-0 19. Ng5 h6 20. Nxf7 Qe4 21. Raf1 Qe3 22. Qg6 Bd5 23. Kh1 a5 24. Qg4 a4 25. c4 bxc4 26. bxc4 a3 27. cxd5 a2 28. Qxe6 Qxf2 29. Nd6+ Kh7 30. Rg1 a1Q 0-1

[Event "Titled Tuesday intern op 24th Sep Late"]
[Site "Chess.com INT"]
[Date "2024.09.24"]
[Round "2"]
[White "Harish, Neeraj"]
[Black "Davidson, Kevin"]
[Result "0-1"]
[WhiteElo "2101"]
[BlackElo "2154"]
[PlyCount "70"]
[EventDate "2024.09.24"]
[EventType "swiss (blitz)"]
[EventRounds "11"]
[EventCountry "USA"]
[SourceTitle "EXT 2025"]
[Source "ChessBase"]
[SourceDate "2024.10.14"]
[SourceVersion "1"]
[SourceVersionDate "2024.10.14"]
[SourceQuality "1"]

1. c4 Nf6 2. Nf3 g6 3. g3 Bg7 4. Bg2 0-0 5. 0-0 d6 6. d4 Nbd7 7. Nc3 e5 8. e4 c6 9. Re1 Qb6 10. d5 Nc5 11. Rb1 cxd5 12. cxd5 a5 13. Be3 Bd7 14. h3 Rfc8 15. Nd2 Qd8 16. Qe2 a4 17. Nc4 Ne8 18. Kh2 b5 19. Nd2 b4 20. Nd1 Qa5 21. Nc4 Qa6 22. b3 Bb5 23. Bxc5 Rxc5 24. Nde3 Nf6 25. Qd2 Bxc4 26. Nxc4 Rb8 27. Bf1 axb3 28. axb3 Ne8 29. Ra1 Qb7 30. Ra4 f5 31. f3 fxe4 32. fxe4 Qf7 33. Bd3 h5 34. Rxb4 Rxb4 35. Qxb4 Qf2+ 0-1

[Event "Titled Tuesday intern op 24th Sep Late"]
[Site "Chess.com INT"]
[Date "2024.09.24"]
[Round "8"]
[White "Montano Vicente, Guadalupe"]
[Black "Davidson, Kevin"]
[Result "0-1"]
[WhiteElo "1973"]
[BlackElo "2154"]
[PlyCount "50"]
[EventDate "2024.09.24"]
[EventType "swiss (blitz)"]
[EventRounds "11"]
[EventCountry "USA"]
[SourceTitle "EXT 2025"]
[Source "ChessBase"]
[SourceDate "2024.10.14"]
[SourceVersion "1"]
[SourceVersionDate "2024.10.14"]
[SourceQuality "1"]

1. d4 Nf6 2. c4 g6 3. Nc3 Bg7 4. e4 d6 5. h3 0-0 6. Be3 Na6 7. Nf3 e5 8. d5 Nc5 9. Nd2 a5 10. Be2 Ne8 11. g4 f5 12. gxf5 gxf5 13. exf5 Bxf5 14. Bxc5 dxc5 15. Bg4 Bg6 16. h4 Nd6 17. h5 Qf6 18. Qe2 Be8 19. Be6+ Kh8 20. Nde4 Nxe4 21. Nxe4 Qf4 22. Qe3 b6 23. h6 Bf6 24. Rg1 Bg6 25. Nxf6 Rxf6 0-1

[Event "Titled Tuesday intern op 17th Sep Late"]
[Site "Chess,com INT"]
[Date "2024.09.17"]
[Round "1"]
[White "Davidson, Kevin"]
[Black "Shimanov, Aleksandr"]
[Result "0-1"]
[WhiteElo "2154"]
[BlackElo "2582"]
[PlyCount "60"]
[EventDate "2024.09.17"]
[EventType "swiss (blitz)"]
[EventRounds "11"]
[EventCountry "USA"]
[SourceTitle "EXT 2025"]
[Source "ChessBase"]
[SourceDate "2024.10.14"]
[SourceVersion "1"]
[SourceVersionDate "2024.10.14"]
[SourceQuality "1"]

1. e4 d5 2. exd5 Qxd5 3. Nc3 Qe5+ 4. Be2 Bg4 5. d4 Bxe2 6. Ngxe2 Qa5 7. d5 c6 8. 0-0 Nf6 9. Nf4 cxd5 10. Ncxd5 Nxd5 11. Qxd5 Qxd5 12. Nxd5 Na6 13. Be3 e6 14. Nf4 Bc5 15. Rfe1 Rc8 16. c3 Bxe3 17. Rxe3 Nc5 18. Rd1 Na4 19. Re2 g5 20. Nd3 Ke7 21. Ne5 Rhd8 22. Rxd8 Rxd8 23. f3 f6 24. Nc4 Rd1+ 25. Kf2 b5 26. Na3 a6 27. c4 b4 28. Nc2 a5 29. Ke3 Nxb2 30. Nxb4 Nxc4+ 0-1

[Event "Titled Tuesday intern op 10th Sep Late"]
[Site "Chess,com INT"]
[Date "2024.09.10"]
[Round "7"]
[White "Davidson, Kevin"]
[Black "Womacka, Mathias"]
[Result "0-1"]
[WhiteElo "2154"]
[BlackElo "2345"]
[PlyCount "64"]
[EventDate "2024.09.10"]
[EventType "swiss (blitz)"]
[EventRounds "11"]
[EventCountry "USA"]
[SourceTitle "EXT 2025"]
[Source "ChessBase"]
[SourceDate "2024.10.14"]
[SourceVersion "1"]
[SourceVersionDate "2024.10.14"]
[SourceQuality "1"]

1. e4 c5 2. Nf3 d6 3. d4 cxd4 4. Nxd4 Nf6 5. Nc3 a6 6. h3 e6 7. g4 b5 8. Bg2 Bb7 9. 0-0 Nfd7 10. Re1 Nc6 11. a4 b4 12. Nxc6 Bxc6 13. Nd5 a5 14. c3 bxc3 15. bxc3 Rc8 16. Ba3 Bxd5 17. exd5 e5 18. f4 Be7 19. Qf3 0-0 20. Rab1 exf4 21. Qxf4 Ne5 22. Rb7 Nd3 23. Qe4 Nxe1 24. Rxe7 Nxg2 25. Kxg2 Rxc3 26. Bb2 Rc2+ 27. Qxc2 Qxe7 28. Qc3 f6 29. Kf3 Re8 30. Kg3 Qe3+ 31. Qxe3 Rxe3+ 32. Kf4 Rb3 0-1

[Event "Titled Tuesday intern op 10th Sep Late"]
[Site "Chess,com INT"]
[Date "2024.09.10"]
[Round "9"]
[White "Lai, Duc Minh1"]
[Black "Davidson, Kevin"]
[Result "1-0"]
[WhiteElo "2058"]
[BlackElo "2154"]
[PlyCount "117"]
[EventDate "2024.09.10"]
[EventType "swiss (blitz)"]
[EventRounds "11"]
[EventCountry "USA"]
[SourceTitle "EXT 2025"]
[Source "ChessBase"]
[SourceDate "2024.10.14"]
[SourceVersion "1"]
[SourceVersionDate "2024.10.14"]
[SourceQuality "1"]

1. c4 Nf6 2. Nc3 g6 3. g3 Bg7 4. Bg2 d6 5. e4 0-0 6. Nge2 c5 7. 0-0 Nc6 8. Rb1 a6 9. a3 Rb8 10. b4 b5 11. cxb5 axb5 12. bxc5 dxc5 13. Nxb5 Nd7 14. a4 Nde5 15. Qc2 Qd3 16. Qxd3 Nxd3 17. Ba3 Rd8 18. Nc1 Ncb4 19. Nxd3 Nxd3 20. Nc7 Bd7 21. Nd5 e6 22. Nb6 Bc6 23. a5 Bd4 24. a6 Nb4 25. Nc4 Bb5 26. a7 Ra8 27. Rfc1 Rxa7 28. Bxb4 cxb4 29. Rxb4 Bxc4 30. Rbxc4 e5 31. Bf1 Ra2 32. R1c2 Rxc2 33. Rxc2 Kg7 34. Kg2 Rd7 35. Bc4 Ra7 36. Bd5 Rd7 37. Rc4 Ra7 38. f4 Re7 39. Kf3 f6 40. Ke2 g5 41. Kf3 h5 42. Ke2 Ra7 43. Kd3 Re7 44. Rxd4 exd4 45. Kxd4 h4 46. Ke3 hxg3 47. hxg3 gxf4+ 48. gxf4 f5 49. e5 Ra7 50. d3 Kg6 51. Bc4 Ra1 52. Kd4 Rf1 53. Ke3 Re1+ 54. Kf2 Rc1 55. Kf3 Rf1+ 56. Ke3 Re1+ 57. Kf2 Rc1 58. Bb5 Rb1 59. Be8+ 1-0

[Event "Titled Tuesday intern op 10th Sep Late"]
[Site "Chess,com INT"]
[Date "2024.09.10"]
[Round "4"]
[White "Obrien, Matthew J"]
[Black "Davidson, Kevin"]
[Result "0-1"]
[WhiteElo "2106"]
[BlackElo "2154"]
[PlyCount "60"]
[EventDate "2024.09.10"]
[EventType "swiss (blitz)"]
[EventRounds "11"]
[EventCountry "USA"]
[SourceTitle "EXT 2025"]
[Source "ChessBase"]
[SourceDate "2024.10.14"]
[SourceVersion "1"]
[SourceVersionDate "2024.10.14"]
[SourceQuality "1"]

1. e4 c5 2. Nf3 d6 3. d4 cxd4 4. Nxd4 Nf6 5. Nc3 a6 6. Be3 e5 7. Nb3 Be6 8. h3 Be7 9. Qf3 Nbd7 10. g4 h6 11. Rg1 Rc8 12. h4 Nb6 13. g5 hxg5 14. hxg5 Nfd7 15. g6 Nf6 16. gxf7+ Kxf7 17. 0-0-0 Rxc3 18. bxc3 Na4 19. c4 Qc7 20. c5 dxc5 21. Rd5 c4 22. Nd2 Ba3+ 23. Kd1 Nc3+ 24. Ke1 Ncxd5 25. exd5 Bxd5 26. Qg3 Nh5 27. Qg6+ Kf8 28. Ne4 Qf7 29. Qg4 Qe6 30. Qg6 Qxg6 0-1

[Event "Titled Tuesday intern op 27th Aug Late"]
[Site "Chess.com INT"]
[Date "2024.08.27"]
[Round "1"]
[White "Bobkov, Vadim"]
[Black "Davidson, Kevin"]
[Result "1-0"]
[WhiteElo "2253"]
[BlackElo "2154"]
[PlyCount "93"]
[EventDate "2024.08.27"]
[EventType "swiss (blitz)"]
[EventRounds "11"]
[EventCountry "USA"]
[SourceTitle "EXT 2025"]
[Source "ChessBase"]
[SourceDate "2024.10.14"]
[SourceVersion "1"]
[SourceVersionDate "2024.10.14"]
[SourceQuality "1"]

1. d4 Nf6 2. Bg5 Ne4 3. Bf4 g5 4. Be5 Rg8 5. e3 d6 6. Bg3 c5 7. Bd3 Nxg3 8. hxg3 h6 9. c3 Nc6 10. Nd2 e5 11. d5 Ne7 12. e4 g4 13. Bb5+ Bd7 14. a4 h5 15. Rxh5 Rg6 16. Rh8 a6 17. Bxd7+ Qxd7 18. a5 Qb5 19. Qa4 0-0-0 20. Qxb5 axb5 21. a6 bxa6 22. Rxa6 Kb7 23. Ra1 Rh6 24. Rxh6 Bxh6 25. f3 f5 26. exf5 Bxd2+ 27. Kxd2 Nxf5 28. fxg4 Ne7 29. Rf1 Nxd5 30. Rf7+ Kc6 31. g5 Rg8 32. Nh3 c4 33. Ke2 e4 34. g4 Kc5 35. g3 b4 36. Nf4 bxc3 37. Nxd5 Kxd5 38. bxc3 Rxg5 39. Rf5+ Rxf5 40. gxf5 Ke5 41. g4 d5 42. Ke3 Kf6 43. Kf4 Kf7 44. g5 Ke7 45. f6+ Ke6 46. Kg4 Kf7 47. Kf5 1-0

[Event "Titled Tuesday intern op 23rd Jul Late"]
[Site "Chess.com INT"]
[Date "2024.07.23"]
[Round "1"]
[White "Najer, Evgeniy"]
[Black "Davidson, Kevin"]
[Result "1-0"]
[WhiteElo "2637"]
[BlackElo "2154"]
[PlyCount "47"]
[EventDate "2024.07.23"]
[EventType "swiss (blitz)"]
[EventRounds "11"]
[EventCountry "USA"]
[SourceTitle "EXT 2025"]
[Source "ChessBase"]
[SourceDate "2024.10.14"]
[SourceVersion "1"]
[SourceVersionDate "2024.10.14"]
[SourceQuality "1"]

1. d4 Nf6 2. Nf3 g6 3. Nc3 Bg7 4. e4 d6 5. Be3 c6 6. Qd2 b5 7. Bd3 b4 8. Ne2 a5 9. Ng3 Ba6 10. Bh6 Bxh6 11. Qxh6 Bxd3 12. cxd3 Nbd7 13. 0-0 Qb6 14. Rac1 Qb5 15. Rfe1 Qxd3 16. e5 dxe5 17. dxe5 Nd5 18. Rxc6 e6 19. Ne4 Ke7 20. Rd6 Rhd8 21. Qxh7 Nf8 22. Qh4+ f6 23. exf6+ Kf7 24. Ne5+ 1-0

[Event "Titled Tuesday intern op 25th Jun Late"]
[Site "Chess.com INT"]
[Date "2024.06.25"]
[Round "4"]
[White "Chitre, Arush"]
[Black "Davidson, Kevin"]
[Result "1-0"]
[WhiteElo "2235"]
[BlackElo "2154"]
[PlyCount "59"]
[EventDate "2024.06.25"]
[EventType "swiss (blitz)"]
[EventRounds "11"]
[EventCountry "USA"]
[SourceTitle "EXT 2025"]
[Source "ChessBase"]
[SourceDate "2024.10.14"]
[SourceVersion "1"]
[SourceVersionDate "2024.10.14"]
[SourceQuality "1"]

1. d4 Nf6 2. Bf4 g6 3. Nc3 Bg7 4. e4 d6 5. Qd2 c6 6. Bh6 Bxh6 7. Qxh6 Qa5 8. Bd3 b5 9. Nf3 b4 10. Ne2 b3+ 11. c3 bxa2 12. Bc4 Qb6 13. e5 dxe5 14. Nxe5 Nd5 15. Rxa2 Be6 16. 0-0 Nd7 17. Nxd7 Kxd7 18. Re1 a5 19. Ng3 Qc7 20. Ne4 Qf4 21. Nc5+ Kd6 22. Ne4+ Kc7 23. Ng5 Kd6 24. Bxd5 Bxd5 25. Ne4+ Qxe4 26. Rxe4 Bxe4 27. Qf4+ Kd5 28. Qe5+ Kc4 29. Qxe4 Kb3 30. Ra1 1-0

[Event "Titled Tuesday intern op 25th Jun Late"]
[Site "Chess.com INT"]
[Date "2024.06.25"]
[Round "3"]
[White "Davidson, Kevin"]
[Black "Grischuk, Alexander"]
[Result "0-1"]
[WhiteElo "2154"]
[BlackElo "2719"]
[PlyCount "66"]
[EventDate "2024.06.25"]
[EventType "swiss (blitz)"]
[EventRounds "11"]
[EventCountry "USA"]
[SourceTitle "EXT 2025"]
[Source "ChessBase"]
[SourceDate "2024.10.14"]
[SourceVersion "1"]
[SourceVersionDate "2024.10.14"]
[SourceQuality "1"]

1. e4 e5 2. Nf3 Nc6 3. Bb5 a6 4. Ba4 Nge7 5. 0-0 Ng6 6. c3 d5 7. d3 Be7 8. Re1 0-0 9. Nbd2 Be6 10. Nf1 Kh8 11. Ng3 f6 12. Be3 b5 13. Bb3 Qd7 14. Nf5 Rad8 15. Nxe7 Qxe7 16. Qe2 Qf7 17. h3 h6 18. Nh2 d4 19. Bxe6 Qxe6 20. cxd4 Nxd4 21. Bxd4 Rxd4 22. Qc2 Nf4 23. Re3 Rfd8 24. Qxc7 Rxd3 25. Ng4 R3d7 26. Qc2 h5 27. Nh2 Rd2 28. Qb3 Qxb3 29. axb3 Rxb2 30. Nf3 Rd3 31. Rxd3 Nxd3 32. Rxa6 Nxf2 33. Nh4 Nxe4 0-1

[Event "Titled Tuesday intern op 25th Jun Late"]
[Site "Chess.com INT"]
[Date "2024.06.25"]
[Round "2"]
[White "Kovalev, Denis"]
[Black "Davidson, Kevin"]
[Result "0-1"]
[WhiteElo "2487"]
[BlackElo "2154"]
[PlyCount "76"]
[EventDate "2024.06.25"]
[EventType "swiss (blitz)"]
[EventRounds "11"]
[EventCountry "USA"]
[SourceTitle "EXT 2025"]
[Source "ChessBase"]
[SourceDate "2024.10.14"]
[SourceVersion "1"]
[SourceVersionDate "2024.10.14"]
[SourceQuality "1"]

1. c4 Nf6 2. Nf3 g6 3. b4 Bg7 4. Bb2 d6 5. g3 0-0 6. Bg2 e5 7. 0-0 Nc6 8. b5 Ne7 9. d3 a6 10. a4 axb5 11. axb5 Rxa1 12. Bxa1 Bf5 13. Nbd2 Qd7 14. Re1 Bh3 15. Bh1 h6 16. Qb3 Ng4 17. Ne4 Kh8 18. c5 d5 19. Nc3 f5 20. Bg2 Bxg2 21. Kxg2 e4 22. Ng1 d4 23. Nd1 Nd5 24. h3 Ne5 25. Bxd4 Ra8 26. dxe4 fxe4 27. Nc3 Nxc3 28. Qxc3 Qd5 29. e3 Ra2 30. Ne2 g5 31. c6 bxc6 32. bxc6 Kh7 33. Bxe5 Bxe5 34. Qc1 Qf7 35. Qb1 Qf3+ 36. Kf1 Rxe2 37. Qxe4+ Qxe4 38. Rxe2 Qh1# 0-1

[Event "Titled Tuesday intern op 18th Jun Late"]
[Site "Chess.com INT"]
[Date "2024.06.18"]
[Round "10"]
[White "Lehtosaari, Mauri"]
[Black "Davidson, Kevin"]
[Result "1-0"]
[WhiteElo "2149"]
[BlackElo "2154"]
[PlyCount "73"]
[EventDate "2024.06.18"]
[EventType "swiss (blitz)"]
[EventRounds "11"]
[EventCountry "USA"]
[SourceTitle "EXT 2025"]
[Source "ChessBase"]
[SourceDate "2024.10.14"]
[SourceVersion "1"]
[SourceVersionDate "2024.10.14"]
[SourceQuality "1"]

1. d4 Nf6 2. Nf3 g6 3. Bg5 Bg7 4. Nbd2 d6 5. e3 h6 6. Bxf6 Bxf6 7. Bc4 Nc6 8. c3 0-0 9. 0-0 e5 10. Qc2 Kh7 11. Ne4 Bg7 12. Ng3 f5 13. dxe5 dxe5 14. Rad1 Qe7 15. h3 Na5 16. Be2 Be6 17. b3 Nc6 18. Bb5 Qc5 19. Qe2 a6 20. Bc4 Bxc4 21. bxc4 Rad8 22. h4 e4 23. Nd4 Qe5 24. Rd2 h5 25. Rfd1 Na5 26. Ne6 Qxe6 27. Rxd8 Rf7 28. c5 Nc4 29. Nxh5 Bxc3 30. Nf4 Qf6 31. h5 g5 32. Ng6 Qe6 33. Nf8+ Rxf8 34. Rxf8 Ne5 35. Rdd8 Qc4 36. Rd7+ Kh6 37. Rh8# 1-0

[Event "Titled Tuesday intern op 18th Jun Late"]
[Site "Chess.com INT"]
[Date "2024.06.18"]
[Round "4"]
[White "Peycheva, Gergana"]
[Black "Davidson, Kevin"]
[Result "0-1"]
[WhiteElo "2266"]
[BlackElo "2154"]
[PlyCount "70"]
[EventDate "2024.06.18"]
[EventType "swiss (blitz)"]
[EventRounds "11"]
[EventCountry "USA"]
[SourceTitle "EXT 2025"]
[Source "ChessBase"]
[SourceDate "2024.10.14"]
[SourceVersion "1"]
[SourceVersionDate "2024.10.14"]
[SourceQuality "1"]

1. d4 Nf6 2. c4 g6 3. Nc3 Bg7 4. e4 d6 5. Nf3 0-0 6. Be2 e5 7. 0-0 Nc6 8. d5 Ne7 9. b4 a5 10. Ba3 axb4 11. Bxb4 Nd7 12. a4 Bh6 13. a5 f5 14. exf5 gxf5 15. Qb3 Kh8 16. Nb5 Ng6 17. g3 Rg8 18. Kh1 Nf6 19. Bc3 Ne4 20. Bb2 c6 21. Nc3 Nxc3 22. Bxc3 cxd5 23. cxd5 Qf6 24. Nd2 Ne7 25. f4 Bg7 26. Nc4 Nxd5 27. Bb2 Qe7 28. Rad1 Be6 29. Bf3 Ne3 30. Qxe3 Bxc4 31. Rfe1 e4 32. Bxg7+ Qxg7 33. Bh5 d5 34. Qb6 Ra6 35. Qb4 Rga8 0-1

[Event "Titled Tuesday intern op 04th Jun Late"]
[Site "Chess.com INT"]
[Date "2024.06.04"]
[Round "3"]
[White "Davidson, Kevin"]
[Black "Asish, Panda"]
[Result "1-0"]
[WhiteElo "2154"]
[BlackElo "1884"]
[PlyCount "165"]
[EventDate "2024.06.04"]
[EventType "swiss (blitz)"]
[EventRounds "11"]
[EventCountry "USA"]
[SourceTitle "EXT 2025"]
[Source "ChessBase"]
[SourceDate "2024.10.14"]
[SourceVersion "1"]
[SourceVersionDate "2024.10.14"]
[SourceQuality "1"]

1. e4 e6 2. d4 d5 3. Nc3 Nf6 4. Bg5 Be7 5. e5 Nfd7 6. Bxe7 Qxe7 7. f4 a6 8. Nf3 c5 9. Qd2 Nc6 10. dxc5 Qxc5 11. Ne2 b5 12. Ned4 Nb6 13. 0-0-0 Bd7 14. h4 Rc8 15. Nxc6 Rxc6 16. Nd4 Rc8 17. h5 h6 18. g4 b4 19. f5 Qa5 20. Kb1 Na4 21. Ka1 Nc5 22. Bd3 Bb5 23. Qf4 Bxd3 24. cxd3 b3 25. a3 Qb6 26. f6 gxf6 27. Qxf6 Rh7 28. Nf5 Nd7 29. Ng7+ Kf8 30. Nxe6+ Qxe6 31. Qf4 Qxe5 32. Qb4+ Qe7 33. Qxb3 Nc5 34. Qxd5 Qe6 35. Qf3 Nb3+ 36. Kb1 Rg7 37. Rhf1 Rg5 38. d4 Rxg4 39. d5 Qe4+ 40. Qxe4 Rxe4 41. Ka2 Nc5 42. Rf6 Kg7 43. Rc6 Rxc6 44. dxc6 Re6 45. Rc1 Nd3 46. Rc3 Re7 47. c7 Rxc7 48. Rxc7 Ne5 49. b4 Kf6 50. Ra7 Kg5 51. Rxa6 f5 52. b5 f4 53. b6 f3 54. b7 Nd7 55. Rd6 Nb8 56. Rd3 Kf4 57. Rd8 Nc6 58. b8Q+ Nxb8 59. Rxb8 f2 60. Rf8+ Kg3 61. a4 Kg2 62. a5 f1Q 63. Rxf1 Kxf1 64. a6 Kg2 65. a7 Kg3 66. a8Q Kg4 67. Qg2+ Kxh5 68. Kb3 Kh4 69. Qh2+ Kg5 70. Kc3 h5 71. Kd4 Kg4 72. Ke3 h4 73. Qg2+ Kh5 74. Kf4 Kh6 75. Qg5+ Kh7 76. Qxh4+ Kg7 77. Qg5+ Kf7 78. Qh6 Ke7 79. Ke5 Kf7 80. Qf6+ Ke8 81. Qg7 Kd8 82. Kd6 Kc8 83. Qc7# 1-0

[Event "Titled Tuesday intern op 14th May Early"]
[Site "Chess.com INT"]
[Date "2024.05.14"]
[Round "7"]
[White "Davidson, Kevin"]
[Black "Ibadov, Dashgyn"]
[Result "0-1"]
[WhiteElo "2154"]
[BlackElo "2338"]
[PlyCount "98"]
[EventDate "2024.05.14"]
[EventType "swiss (blitz)"]
[EventRounds "11"]
[EventCountry "USA"]
[SourceTitle "EXT 2025"]
[Source "ChessBase"]
[SourceDate "2024.10.14"]
[SourceVersion "1"]
[SourceVersionDate "2024.10.14"]
[SourceQuality "1"]

1. e4 e5 2. Nf3 Nc6 3. Bb5 a6 4. Ba4 Nf6 5. 0-0 b5 6. Bb3 Bc5 7. a4 Rb8 8. c3 d6 9. d4 Bb6 10. a5 Ba7 11. Be3 Bb7 12. dxe5 dxe5 13. Bxa7 Nxa7 14. Nxe5 0-0 15. Qxd8 Rbxd8 16. f3 c5 17. h3 c4 18. Bc2 Rfe8 19. Ng4 Nh5 20. Kf2 Nf4 21. Ne3 Nc6 22. b4 Ne5 23. h4 g6 24. g3 Nfd3+ 25. Ke2 f5 26. exf5 Nxf3 27. Rxf3 Bxf3+ 28. Kxf3 Ne1+ 29. Kf2 Rxe3 30. fxg6 Nxc2 31. gxh7+ Kxh7 32. Ra2 Rf8+ 33. Kg2 Re2+ 34. Kh3 Rf1 35. Na3 Rh1+ 36. Kg4 Ne3+ 37. Kf3 Rxa2 38. Kxe3 Rxa3 39. Kd4 Rd1+ 40. Kc5 Rxc3 41. Kb6 Rb3 42. Kxa6 Rxb4 43. g4 c3 44. g5 c2 45. h5 c1Q 46. g6+ Kh6 47. g7 Qc6+ 48. Ka7 Rd7+ 49. Kb8 Qb7# 0-1

[Event "Titled Tuesday intern op 14th May Early"]
[Site "Chess.com INT"]
[Date "2024.05.14"]
[Round "4"]
[White "Davidson, Kevin"]
[Black "Shvedova, Alexandra"]
[Result "0-1"]
[WhiteElo "2154"]
[BlackElo "2197"]
[PlyCount "64"]
[EventDate "2024.05.14"]
[EventType "swiss (blitz)"]
[EventRounds "11"]
[EventCountry "USA"]
[SourceTitle "EXT 2025"]
[Source "ChessBase"]
[SourceDate "2024.10.14"]
[SourceVersion "1"]
[SourceVersionDate "2024.10.14"]
[SourceQuality "1"]

1. e4 c5 2. Nf3 d6 3. d4 cxd4 4. Nxd4 Nf6 5. Nc3 a6 6. h3 e5 7. Nde2 h5 8. Bg5 Be6 9. Bxf6 Qxf6 10. Nd5 Qd8 11. Nec3 Nc6 12. Bc4 Rc8 13. Bb3 Nd4 14. 0-0 g6 15. f4 Bg7 16. f5 gxf5 17. exf5 Bxf5 18. Ne3 Bg6 19. Ncd5 0-0 20. c3 Nxb3 21. Qxb3 Qg5 22. Qxb7 Rb8 23. Qxa6 Rxb2 24. Qxd6 Be4 25. Rf2 Rxf2 26. Kxf2 Kh8 27. Qe7 Qh6 28. a4 f5 29. a5 f4 30. Nc4 Bxd5 31. Nd6 f3 32. g3 Qd2+ 0-1

[Event "Titled Tuesday intern op 30th Apr Late"]
[Site "Chess.com INT"]
[Date "2024.04.30"]
[Round "7"]
[White "Davidson, Kevin"]
[Black "Liu, Eric"]
[Result "0-1"]
[WhiteElo "2154"]
[BlackElo "2388"]
[PlyCount "102"]
[EventDate "2024.04.30"]
[EventType "swiss (blitz)"]
[EventRounds "11"]
[EventCountry "USA"]
[SourceTitle "EXT 2025"]
[Source "ChessBase"]
[SourceDate "2024.10.14"]
[SourceVersion "1"]
[SourceVersionDate "2024.10.14"]
[SourceQuality "1"]

1. e4 b6 2. d4 Bb7 3. Bd3 e6 4. Nf3 c5 5. c3 d6 6. 0-0 g6 7. Bg5 Be7 8. Bxe7 Nxe7 9. Nbd2 cxd4 10. cxd4 0-0 11. Rc1 Nbc6 12. a3 e5 13. b4 Nxd4 14. Nxd4 exd4 15. Nf3 Nc6 16. b5 Ne5 17. Nxd4 d5 18. Nc6 Bxc6 19. bxc6 Nxd3 20. Qxd3 dxe4 21. Qxe4 Rc8 22. Rfd1 Qg5 23. f4 Qh5 24. Rd5 Qh4 25. g3 Qg4 26. Rd7 Qxd7 27. cxd7 Rxc1+ 28. Kf2 Rd1 29. Qe7 Kg7 30. Ke2 Rd5 31. h4 h5 32. Kf3 Rd3+ 33. Ke2 Rd5 34. Kf3 a5 35. g4 hxg4+ 36. Kxg4 b5 37. f5 gxf5+ 38. Kg5 f4+ 39. Kxf4 Rh8 40. h5 Rhxh5 41. d8Q Rxd8 42. Qxd8 a4 43. Qd4+ Kg6 44. Qd3+ Kh6 45. Kg4 Rg5+ 46. Kf4 Rh5 47. Qe3 Kg6 48. Qb6+ f6 49. Qc6 Rh4+ 50. Kg3 Rh5 51. Kg4 Re5 0-1

[Event "Titled Tuesday intern op 30th Apr Late"]
[Site "Chess.com INT"]
[Date "2024.04.30"]
[Round "3"]
[White "Farhat Willemstein, Stela Souza"]
[Black "Davidson, Kevin"]
[Result "0-1"]
[WhiteElo "1855"]
[BlackElo "2154"]
[PlyCount "66"]
[EventDate "2024.04.30"]
[EventType "swiss (blitz)"]
[EventRounds "11"]
[EventCountry "USA"]
[SourceTitle "EXT 2025"]
[Source "ChessBase"]
[SourceDate "2024.10.14"]
[SourceVersion "1"]
[SourceVersionDate "2024.10.14"]
[SourceQuality "1"]

1. e4 c5 2. Nf3 d6 3. d4 cxd4 4. Nxd4 Nf6 5. Nc3 a6 6. f3 e5 7. Nb3 Be6 8. Be3 Be7 9. Be2 0-0 10. 0-0 Nbd7 11. Qd2 b5 12. a3 Qc7 13. Rac1 h6 14. Nd5 Bxd5 15. exd5 Nb6 16. c4 bxc4 17. Na5 Nfxd5 18. Nxc4 Nxe3 19. Qxe3 Nxc4 20. Bxc4 Qb7 21. b4 Bg5 22. f4 Bxf4 23. Qf3 Qxf3 24. gxf3 Bxc1 25. Rxc1 Rac8 26. Rc2 d5 27. Bd3 Rxc2 28. Bxc2 Rc8 29. Bd3 Rc3 30. Bxa6 Rxa3 31. b5 Rxf3 32. Kg2 Rb3 33. Kf2 Kf8 0-1